| 000 | 00856nam a2200217Ia 4500 | ||
|---|---|---|---|
| 003 | OSt | ||
| 005 | 20250908160448.0 | ||
| 008 | 220915b |||||||| |||| 00| 0 pan d | ||
| 020 | _a8177701045 | ||
| 037 | _cTextbook | ||
| 040 |
_bpun _aARTS _cARTS |
||
| 041 |
_apun _2pun |
||
| 084 |
_aO153:g N0;P4 _qAL |
||
| 100 |
_aਸੁਰਿੰਦਰਪਾਲ ਸਿੰਘ, ਥਦ। _9820349 |
||
| 245 | 0 | _aਪਰਵਾਸੀ ਪੰਜਾਬੀ ਸਾਹਿਤ | |
| 260 |
_aਅੰਮ੍ਰਿਤਸਰ _bਗੁਰੂ ਨਾਨਕ ਦੇਵ ਯੂਨੀਵਰਸਿਟੀ ਭਾਰਤ _c2004 |
||
| 300 |
_a267ਪੰ _ccm. |
||
| 650 |
_aਪੰਜਾਬੀ ਸਾਹਿਤ _9820350 |
||
| 942 |
_hO153:g N0;P4 _cTB _2CC _n0 |
||
| 999 |
_c101560 _d101560 |
||